000 01255aam a2200385 i 4500
001 018132288
003 EG-ScBUE
005 20220620125134.0
008 161014r20212017enka f b 001 0 eng d
020 _a9781472538758 (pbk.)
040 _aStDuBDS
_beng
_erda
_cStDuBDS
_dUk
_dEG-ScBUE
082 0 4 _a746.92
_bFIS
_222
100 1 _aFischer, Anette,
_eauthor.
245 1 0 _aConstruction for fashion design /
_cAnette Fischer, Kiran Gobin.
250 _aSecond edition,
_bReprint edition.
264 1 _aLondon :
_bBloomsbury,
_c2021.
300 _avii, 200 pages :
_billustrations (colour) ;
_c23 cm.
336 _atext
_2rdacontent
_btxt
336 _astill image
_2rdacontent
_btxt
337 _aunmediated
_2rdamedia
_bn
338 _avolume
_2rdacarrier
_bnc
490 0 _aBasics fashion design
500 _aFormerly CIP.
_5Uk
504 _aIncludes bibliographical references and index.
650 7 _aClothing trade.
_2BUEsh
650 7 _aDressmaking.
_2BUEsh
650 7 _aTailoring.
_2BUEsh
650 7 _aGarment cutting.
_2BUEsh
650 7 _aSewing.
_2BUEsh
653 _bART
_cDecember2021
655 _vReading book
_934232
700 1 _aGobin, Kiran,
_eauthor.
942 _2ddc
_cBB
999 _c29698
_d29669